[Event "Mestre Sheraton op-C 1st"]
[Site "Mestre"]
[Date "2021.02.27"]
[Round "3"]
[White "De Fina, Alberto"]
[Black "Vescovo, Samuele"]
[Result "1-0"]
[WhiteElo "999"]
[BlackElo "1183"]
[PlyCount "87"]
[EventDate "2021.02.26"]
[EventType "swiss"]
[EventRounds "5"]
[EventCountry "ITA"]
[SourceTitle "EXT 2022"]
[Source "ChessBase"]
[SourceDate "2021.10.06"]
[SourceVersion "1"]
[SourceVersionDate "2021.10.06"]
[SourceQuality "1"]

1. Nc3 Nf6 2. Nf3 Nc6 3. e4 e5 4. Bb5 d6 5. d4 Bg4 6. dxe5 dxe5 7. Qxd8+ Kxd8 8. Bxc6 Bxf3 9. Bxb7 Bxg2 10. Bg5 Rb8 11. Bxf6+ gxf6 12. 0-0-0+ Bd6 13. Rhg1 Rg8 14. Bd5 Rg7 15. Bc6 Ke7 16. Nb5 Ke6 17. Nxa7 Ra8 18. Bxa8 Bc5 19. Bd5+ Ke7 20. Nc6+ Kd6 21. Nb8 Bxf2 22. Bxf7+ Ke7 23. Rd7+ Kf8 24. Rgd1 Rxf7 25. Rxf7+ Kxf7 26. Rd7+ Kg6 27. Rxc7 h5 28. a4 h4 29. Kd1 Bf3+ 30. Kd2 Kg5 31. a5 Kg4 32. Kd3 Kh3 33. a6 Kxh2 34. a7 Bxa7 35. Rxa7 Kg2 36. b4 h3 37. b5 h2 38. Rh7 Kg3 39. Nd7 h1Q 40. Rxh1 Bxh1 41. Nxf6 Bg2 42. b6 Bf1+ 43. Ke3 Ba6 44. Nd7 1-0